General Knowledge NHS 5 - Statistics

General Stats
  • This quiz has been taken 39 times
  • The average score is 12 of 50
Answer Stats
Hint Answer % Correct
What is the capital city of Austria? Vienna
89%
Who directed Vertigo, Psycho, North by Northwest and Rear Window? Alfred Hitchcock
74%
Who was the Greek god of the underworld? Hades
68%
Which political party did Tony Blair represent? Labour
68%
In which country was Pope John Paul II born? Poland
63%
Who was the first democratically elected president of Russia? Boris Yeltsin
58%
In which city is Times Square? New York
58%
Who composed The Four Seasons? Antonio Vivaldi
53%
Which Italian city was once ruled by the Medici family? Florence
53%
Who invented the telephone? Alexander Graham Bell
47%
Who was the last man to stab Julius Caesar? Brutus
47%
What was Muhammad Ali's original name? Cassius Clay
47%
Who worked with Karl Marx on The Communist Manifesto? Friedrich Engels
47%
Which famous Austrian was born on 20th April 1889? Adolf Hitler
37%
In which city is the Bullring shopping centre located? Birmingham
37%
What is the currency of Poland? Zloty
32%
Which river flows through Kiev? Dnieper
26%
Which philosopher wrote The Republic? Plato
26%
In which European city is the Trevi Fountain located? Rome
26%
How many yards are in 1 mile? 1760
21%
Who wrote A Farewell to Arms? Ernest Hemingway
21%
Who created Star Wars in 1977, and then Pixar in 1979? George Lucas
21%
Who played Harry Lime in The Third Man? Orson Welles
21%
On what street is the White House located? Pennsylvania Avenue
21%
In which English county is Yeovil? Somerset
21%
In which year did the first Doctor Who episode air? 1963
16%
On what mountain is Noah's Ark said to have landed on? Ararat
16%
What was the highest caste in the Indian caste system? Brahmin
16%
Which element has the symbol Cu? Copper
16%
Who was the speaker of the House of Commons between 2009 and 2019? John Bercow
16%
Who invented the automobile? Karl Benz
16%
What is the state capital of Ohio? Columbus
11%
Who played Nebula in the Guardians of the Galaxy and recent Avengers films? Karen Gillan
11%
Which Korean artist sung Gangnam Style? PSY
11%
In The Godfather, which of Vito Corleone's sons is the oldest? Sonny
11%
Which football team plays home games at Tynecastle Park? Heart of Midlothian
5%
Which day of the week is the only one named after a Roman God? Saturday
5%
Who is Juventus' all time top scorer? Alessandro del Piero
0%
Who did Babe Ruth last play for? Atlanta Braves
0%
Which servant of Satan is known as the Lord of the Flies or the Demon Prince? Beelzebub
0%
What plant is used to make tequila? Blue agave
0%
What is the most populated city in Tanzania? Dar es Salaam
0%
What animal's meat is the South American food cuy made from? Guinea Pig
0%
Who is the Hindu god of rain and storms? Indra
0%
Who was the last Ballon D'Or winner before either Messi or Cristiano Ronaldo? Kaka
0%
Who wrote the Paddington books? Michael Bond
0%
Which ancient civilisation had their capital on the Greek island of Crete? Minoan
0%
Who created Wallace and Gromit? Nick Park
0%
Who was the first Premier League goalkeeper to score a goal? Peter Schmeichel
0%
What was The Beatles' best selling album? Sgt. Peppers Lonely Hearts Club Band
0%
No matching quizzes found
Score Distribution
Percent of People with Each Score
Percentile by Number Answered
Your Score History
You have not taken this quiz